[Event "ACL-A064"]
[Site "www.playchess.de"]
[Date "2001.03.04"]
[Round "10"]
[White "laehndie26"]
[Black "El_Sucio"]
[WhiteElo "1500"]
[BlackElo "1500"]
[PlyCount "27"]
[Result "1-0"]

1.Nf3 Nf6 2.Nd4 c5 3.Nf3 Nc6 4.Ng1 g6 5.c4 Bg7 
6.e3 O-O 7.Nf3 d6 8.Bd3 e5 9.O-O e4 {...?}  10.Nh4 
exd3 11.Nc3 Be6 12.b3 Ne4 13.Nxe4 Qxh4 
14.Nxd6 1-0

[Event "CCL-E006"]
[Site "www.playchess.de"]
[Date "2001.03.04"]
[Round "20"]
[White "Toby"]
[Black "Schachzwerg"]
[WhiteElo "2000"]
[BlackElo "2000"]
[PlyCount "52"]
[Result "0-1"]

1.d4 Nf6 2.c4 e6 3.Nc3 d5 4.Nf3 c6 5.Bg5 dxc4 6.e4 
Qb6 7.Qd2 Qa6 8.Bxf6 gxf6 9.b3 b5 10.bxc4 bxc4 
11.Be2 Rg8 12.O-O e5 13.Kh1 Bg4 14.dxe5 Bxf3 
15.Bxf3 fxe5 16.Rfd1 Qc8 17.Be2 Nd7 18.Bxc4 Nb6 
19.Bb3 Qg4 20.f3 Qg6 21.g3 Qh5 22.Qf2 Rg6 23.Rab1 
Rf6 24.Rd3 Rd6 25.Rxd6 Bxd6 26.Na4 
Rd8 0-1

[Event "HCL-A071"]
[Site "www.playchess.de"]
[Date "2001.03.04"]
[Round "28"]
[White "kherubim"]
[Black "Rifleman"]
[WhiteElo "1667"]
[BlackElo "1678"]
[PlyCount "37"]
[Result "1-0"]

1.c4 {Hello!}  e5 {Hello, hope we have a good 
game.}  2.Nc3 {I wish too!}  Nf6 3.Nf3 Nc6 4.g3 d5 
5.cxd5 Nxd5 6.Bg2 Nxc3 7.bxc3 Bd6 8.O-O O-O 9.Rb1 
e4 10.Ne1 f5 11.d3 Be5 12.Qb3+ Kh8 13.dxe4 f4 
14.Bxf4 Bxf4 15.gxf4 Rxf4 16.Nd3 Rh4 17.Qf7 Rg4 
18.Rfd1 Be6 19.Qxe6 1-0

[Event "HCL-B160"]
[Site "www.playchess.de"]
[Date "2001.03.04"]
[Round "17"]
[White "pird"]
[Black "Riza"]
[WhiteElo "1498"]
[BlackElo "1321"]
[PlyCount "41"]
[Result "1-0"]

1.e4 c6 2.d4 d5 3.Nc3 dxe4 4.f3 e5 5.Be3 Bb4 
6.dxe5 Bxc3+ 7.bxc3 Qa5 8.Qd4 Ne7 9.Bg5 Nd5 10.Ne2 
O-O 11.fxe4 Nc7 12.h4 Bg4 13.Nf4 Nd7 14.Be2 Bxe2 
15.Kxe2 Nb6 16.Rhd1 Qb5+ 17.Kf2 Ne6 18.Nxe6 fxe6+ 
19.Kg1 h6 20.Be7 Rf7 21.Bb4 1-0

[Event "HCL-B160"]
[Site "www.playchess.de"]
[Date "2001.03.04"]
[Round "19"]
[White "jonte2"]
[Black "Riza"]
[WhiteElo "1581"]
[BlackElo "1321"]
[PlyCount "27"]
[Result "1-0"]

1.d4 Nf6 2.c4 e6 3.Nc3 Bb4 4.Nf3 c5 5.Bf4 O-O 6.e3 
d5 7.Bd3 dxc4 8.Bxc4 Ne4 9.Rc1 Bxc3+ 10.bxc3 Qa5 
11.Qd3 f5 12.d5 Rd8 13.dxe6 Kh8 
14.e7 1-0

[Event "HCL-B160"]
[Site "www.playchess.de"]
[Date "2001.03.04"]
[Round "20"]
[White "Riza"]
[Black "shepherd"]
[WhiteElo "1321"]
[BlackElo "1420"]
[PlyCount "38"]
[Result "0-1"]

1.e4 c5 2.Nf3 Nc6 3.Bb5 d6 4.O-O a6 5.Bxc6+ bxc6 
6.Nc3 e5 7.d3 g6 8.h3 Bg7 9.Nh2 Ne7 10.f4 f5 
11.Nf3 O-O 12.fxe5 d5 13.exd5 cxd5 14.Bg5 d4 
15.Bxe7 Qxe7 16.Nd5 Qb7 17.Nf6+ Bxf6 18.exf6 Rf7 
19.Ne5 Rxf6 0-1

[Event "HCL-C170"]
[Site "www.playchess.de"]
[Date "2001.03.04"]
[Round "19"]
[White "Controler"]
[Black "Trodat"]
[WhiteElo "1041"]
[BlackElo "1000"]
[PlyCount "45"]
[Result "1-0"]

1.e4 e5 2.Qh5 d6 3.Nc3 Bd7 4.Bc4 g6 5.Qf3 Nf6 
6.Nh3 Bh6 7.d4 Bg4 8.Qd3 Bf8 9.Ng5 d5 10.Bxd5 Nxd5 
11.Nxd5 c6 12.Ne3 Bd7 13.Nc4 f6 14.Nf3 Na6 15.dxe5 
Be6 16.exf6 Qxf6 17.O-O Rd8 18.Qe2 b5 19.Bg5 Qg7 
20.Bxd8 Kxd8 21.Rad1+ Kc8 22.Nd6+ Kb8 
23.Nxb5 1-0

[Event "HCL-C162"]
[Site "www.playchess.de"]
[Date "2001.03.04"]
[Round "12"]
[White "mcfiskal"]
[Black "lienk"]
[WhiteElo "1000"]
[BlackElo "1138"]
[PlyCount "33"]
[Result "1-0"]

1.e4 e5 2.Nf3 Nc6 3.d4 f6 4.Bc4 Bb4+ 5.c3 Ba5 
6.dxe5 Nxe5 7.Nxe5 fxe5 8.Qh5+ g6 9.Qxe5+ Qe7 
10.Qxh8 Qxe4+ 11.Be2 Qe6 12.O-O d6 13.Re1 Bd7 
14.Bg5 h6 15.Bf6 Bb5 16.Bxb5+ c6 
17.Qxg8+ 1-0

[Event "HCL-C162"]
[Site "www.playchess.de"]
[Date "2001.03.04"]
[Round "21"]
[White "mcfiskal"]
[Black "Speedy"]
[WhiteElo "1000"]
[BlackElo "1280"]
[PlyCount "45"]
[Result "1-0"]

1.e4 e5 2.Nf3 Nc6 3.Bb5 Nf6 4.d3 Qe7 5.O-O d5 
6.Bg5 dxe4 7.dxe4 h6 8.Bh4 Bg4 9.Nc3 g5 10.Bg3 Nd7 
{At the risk of sounding stupid, do u know why It 
wont let me castle?}  11.Bxc6 bxc6 12.Qd3 h5 13.h3 
h4 14.Bh2 Bh5 15.Rad1 g4 16.Bxe5 Nxe5 17.Nxe5 Rd8 
18.Qa6 {I think, the move 17. .. e8c8 was illegal, 
because your king cannot pass d8 (threatened by my 
Queen)}  Rxd1 {I see. Thank you}  19.Rxd1 Qxe5 
20.Qxc6+ Ke7 21.Rd7+ Ke8 22.Rxc7+ Kd8 
23.Qd7+ 1-0

[Event "ACL-A091"]
[Site "www.playchess.de"]
[Date "2001.03.04"]
[Round "4"]
[White "peze2"]
[Black "Habi"]
[WhiteElo "2012"]
[BlackElo "1403"]
[PlyCount "52"]
[Result "1/2-1/2"]

1.e4 c5 2.Nf3 d6 3.d4 cxd4 4.Nxd4 Nf6 5.Nc3 g6 
6.Be3 Bg7 7.f3 O-O 8.Qd2 Nc6 9.O-O-O Nxd4 10.Bxd4 
a6 11.g4 b5 12.h4 Bb7 13.h5 Rc8 14.hxg6 hxg6 
15.Nd5 Bxd5 16.exd5 Qc7 17.g5 Nh5 18.Bxg7 Kxg7 
19.Bh3 Rcb8 20.Qd4+ Kg8 21.Bg4 Qc4 22.Bxh5 gxh5 
23.Rxh5 Qxd4 24.Rxd4 Kg7 25.f4 Kg6 26.Rh2 
Kf5 1/2-1/2

[Event "ACL-A091"]
[Site "www.playchess.de"]
[Date "2001.03.04"]
[Round "11"]
[White "peze2"]
[Black "Drawmaster"]
[WhiteElo "2012"]
[BlackElo "1500"]
[PlyCount "37"]
[Result "1-0"]

1.e4 e6 2.d4 d5 3.Nd2 Be7 4.Ngf3 Nf6 5.Bd3 Nfd7 
6.O-O c5 7.exd5 exd5 8.c4 O-O 9.cxd5 Nb6 10.dxc5 
Bxc5 11.Qc2 Qd6 12.Bxh7+ Kh8 13.Ne4 Qe7 14.Nxc5 g6 
15.Qd2 N8d7 16.Qh6 Nf6 17.d6 Qxd6 18.Bxg6+ Nh7 
19.Qxh7+ 1-0

[Event "ACL-A091"]
[Site "www.playchess.de"]
[Date "2001.03.04"]
[Round "14"]
[White "Drawmaster"]
[Black "Habi"]
[WhiteElo "1500"]
[BlackElo "1403"]
[PlyCount "34"]
[Result "0-1"]

1.c4 {Best of luck}  Nf6 2.Nc3 g6 3.g3 Bg7 4.Bg2 
O-O 5.Nf3 c6 6.O-O d5 7.cxd5 cxd5 8.d4 Nc6 9.Re1 
Re8 10.a3 Bf5 11.Qd2 Ne4 12.Nxe4 dxe4 13.Nh4 Nxd4 
14.Nxf5 gxf5 15.Qc3 Nxe2+ 16.Rxe2 Bxc3 17.Be3 
Qd3 0-1

[Event "HCL-C174"]
[Site "www.playchess.de"]
[Date "2001.03.04"]
[Round "3"]
[White "AtillaX"]
[Black "Pietros"]
[WhiteElo "1000"]
[BlackElo "1372"]
[PlyCount "24"]
[Result "0-1"]

1.Nf3 {hello}  Nc6 2.Nc3 e5 3.e4 Nf6 4.Ng5 h6 
5.Nf3 Bc5 6.d4 Bxd4 7.Be3 Bxe3 8.fxe3 O-O 9.g3 d6 
10.Bc4 Ng4 11.Qe2 Na5 12.Bd5 c6 0-1

[Event "HCL-B172"]
[Site "www.playchess.de"]
[Date "2001.03.04"]
[Round "6"]
[White "jalal"]
[Black "uneek"]
[WhiteElo "1500"]
[BlackElo "1215"]
[PlyCount "60"]
[Result "1/2-1/2"]

1.e4 c5 2.f4 e6 3.Nf3 Nc6 4.Be2 Nf6 5.d3 d5 6.e5 
Nd7 7.Nc3 a6 8.a3 Be7 9.Bd2 O-O 10.O-O d4 11.Ne4 
f6 12.exf6 Nxf6 13.Nfg5 Bd7 14.Qe1 Nxe4 15.Nxe4 
Qc7 16.Bg4 e5 17.f5 Rf7 18.Bg5 Raf8 19.Qh4 Bxf5 
{Bloodbath...}  20.Bxe7 Qxe7 21.Qxe7 Nxe7 22.Bxf5 
Nxf5 23.Nxc5 Ne3 24.Rxf7 Rxf7 25.c4 dxc3 26.bxc3 
Rc7 27.d4 exd4 28.cxd4 Nc2 29.Rb1 Nxd4 30.Nxb7 
Rc1+ 1/2-1/2

[Event "HCL-C176"]
[Site "www.playchess.de"]
[Date "2001.03.04"]
[Round "2"]
[White "kec0594"]
[Black "Translightor"]
[WhiteElo "1000"]
[BlackElo "1426"]
[PlyCount "66"]
[Result "0-1"]

1.d4 Nf6 2.f3 d5 3.e3 e6 4.g4 c5 5.g5 Nfd7 6.c3 
Nc6 7.dxc5 Qxg5 8.Nh3 Qh4+ 9.Nf2 Bxc5 10.b4 Bb6 
11.f4 Ne7 12.a4 a6 13.Be2 Nf5 14.Qd3 Nf6 15.O-O 
O-O 16.a5 Bc7 17.Nd2 Bd7 18.c4 dxc4 19.Qxc4 Rac8 
20.Qa2 g5 21.Nf3 Qh6 22.fxg5 Qg6 23.Rd1 Bc6 24.e4 
Nxe4 25.Nxe4 Bxe4 26.Ne1 Be5 27.Rb1 Rxc1 28.Rbxc1 
Qxg5+ 29.Kf2 Bxh2 30.Ng2 Qxg2+ 31.Ke1 Qg1+ 32.Bf1 
Bg3+ 33.Kd2 Qe3+ 0-1

[Event "HCL-C179"]
[Site "www.playchess.de"]
[Date "2001.03.04"]
[Round "2"]
[White "Chill"]
[Black "Translightor"]
[WhiteElo "832"]
[BlackElo "1418"]
[PlyCount "34"]
[Result "0-1"]

1.c4 Nf6 {Hello again.}  2.d4 {Hiya!}  e6 3.Nc3 d5 
4.cxd5 exd5 5.Bg5 c6 6.Qc2 Be7 7.e3 O-O 8.Bd3 h6 
9.Bh4 Re8 10.Nge2 Ne4 11.Bxe7 Qxe7 12.Bxe4 dxe4 
13.Ng3 f5 14.O-O Na6 15.a3 Be6 16.f3 exf3 17.Nxf5 
Bxf5 0-1

[Event "ACL-A090"]
[Site "www.playchess.de"]
[Date "2001.03.04"]
[Round "17"]
[White "hisamawi_s"]
[Black "Gruhni"]
[WhiteElo "1500"]
[BlackElo "1392"]
[PlyCount "39"]
[Result "1-0"]

1.e4 {hiii}  e5 {Hi from Giessen in Germany!}  
2.Nf3 {good luck irbed JORDAN!}  Nc6 3.d4 exd4 
4.Bc4 Bc5 5.c3 dxc3 6.Bxf7+ Kxf7 7.Qd5+ Ke8 8.Qxc5 
d6 9.Qxc3 Qf6 10.Bg5 Qxc3+ 11.Nxc3 h6 12.Be3 Nf6 
13.Nb5 Kd8 14.e5 dxe5 15.O-O-O+ Bd7 16.Rhe1 a6 
17.Nc3 Ng4 18.Bc5 Nxf2 19.Bxf2 Kf8 
20.Rxd7 1-0

[Event "HCL-A078"]
[Site "www.playchess.de"]
[Date "2001.03.04"]
[Round "17"]
[White "EKALAYA"]
[Black "GEL"]
[WhiteElo "1916"]
[BlackElo "1700"]
[PlyCount "23"]
[Result "1-0"]

1.e4 e6 2.d4 d5 3.Nc3 {Devotee of the French, are 
you ?}  Nf6 4.e5 Nfd7 5.Nce2 c5 6.c3 Nc6 7.f4 cxd4 
8.cxd4 f6 9.Nf3 Be7 {Too much to handle!}  10.a3 
{Well .. at least this game is not presenting any 
problems to you .. :)}  O-O 11.Ng3 fxe5 
12.fxe5 1-0

[Event "HCL-A078"]
[Site "www.playchess.de"]
[Date "2001.03.04"]
[Round "19"]
[White "eastman"]
[Black "GEL"]
[WhiteElo "1700"]
[BlackElo "1700"]
[PlyCount "23"]
[Result "1-0"]

1.c4 Nf6 2.Nc3 e6 3.Nf3 c5 4.b3 Nc6 5.Bb2 Be7 6.e3 
a6 7.Be2 h6 8.O-O O-O 9.d4 cxd4 10.Nxd4 Qc7 11.Rc1 
Rd8 12.Bf3 1-0

[Event "HCL-A079"]
[Site "www.playchess.de"]
[Date "2001.03.04"]
[Round "7"]
[White "chessnut"]
[Black "THE-WARRIOR"]
[WhiteElo "2020"]
[BlackElo "1700"]
[PlyCount "63"]
[Result "1-0"]

1.c4 c5 2.g3 g6 3.Bg2 Bg7 4.e3 Nc6 5.Nc3 e6 6.Nge2 
Nge7 7.d4 cxd4 8.Nxd4 d6 9.Ndb5 O-O 10.Nxd6 Qa5 
11.Bd2 Qd8 12.c5 Ne5 13.Qc2 N7c6 14.O-O Qe7 
15.Ncb5 a6 16.Nxc8 Raxc8 17.Nd6 Rcb8 18.Bc3 b6 
19.f4 Ng4 20.Bxg7 Kxg7 21.Bxc6 bxc5 22.Nc4 Kg8 
23.Rad1 Rfd8 24.Bf3 Nf6 25.Ne5 Rxd1 26.Rxd1 Qc7 
27.Nc6 Re8 28.Qxc5 Kg7 29.b4 Rc8 30.Qd4 Qb7 31.g4 
Rxc6 32.g5 1-0

[Event "HCL-E022"]
[Site "www.playchess.de"]
[Date "2001.03.04"]
[Round "16"]
[White "FD515"]
[Black "Goofy"]
[WhiteElo "2050"]
[BlackElo "2169"]
[PlyCount "57"]
[Result "1-0"]

1.e4 d5 2.exd5 Nf6 3.Bb5+ Bd7 4.Bc4 b5 5.Bb3 Bg4 
6.f3 Bc8 7.Qe2 a6 8.c4 Bb7 9.Nc3 bxc4 10.Ba4+ Nbd7 
11.Qxc4 g6 12.d3 Bg7 13.Bf4 Rc8 14.Bc6 Bxc6 
15.dxc6 Nb8 16.Be5 O-O 17.Nge2 Ne8 18.Bxg7 Nxg7 
19.d4 Nf5 20.d5 Re8 21.g4 Ne3 22.Qe4 Ng2+ 23.Kf2 
Nh4 24.Qe5 f6 25.Qe6+ Kg7 26.Ne4 Rf8 27.Nd4 Qe8 
28.Rhe1 Qf7 29.Nc5 1-0

[Event "ACL-A097"]
[Site "www.playchess.de"]
[Date "2001.03.04"]
[Round "3"]
[White "esad"]
[Black "patzer"]
[WhiteElo "1500"]
[BlackElo "1599"]
[PlyCount "46"]
[Result "1/2-1/2"]

1.e4 e5 2.Nf3 Nc6 3.Bb5 Nf6 4.Nc3 Bb4 5.a3 Bxc3 
6.dxc3 Nxe4 7.Bxc6 dxc6 8.Qxd8+ Kxd8 9.Nxe5 Be6 
10.O-O f6 11.Nd3 Nd6 12.Re1 Re8 13.Nc5 Bc4 14.Be3 
b6 15.Na4 Bb5 16.b3 Bxa4 17.bxa4 Re4 18.Bd4 c5 
19.Rxe4 Nxe4 20.Re1 cxd4 21.Rxe4 dxc3 22.Rc4 Kd7 
23.Rxc3 Re8 1/2-1/2

[Event "HCL-A079"]
[Site "www.playchess.de"]
[Date "2001.03.04"]
[Round "35"]
[White "klypp"]
[Black "Gorodish"]
[WhiteElo "2119"]
[BlackElo "1699"]
[PlyCount "64"]
[Result "0-1"]

1.e4 e6 2.d4 d5 3.Nd2 c5 4.exd5 Qxd5 5.Ngf3 cxd4 
6.Bc4 Qd6 7.O-O Nf6 8.Nb3 Nc6 9.Nbxd4 Nxd4 10.Nxd4 
a6 11.Re1 Qc7 12.Qe2 Bd6 13.Nxe6 fxe6 14.Bxe6 Kf8 
15.Bd2 Bxh2+ 16.Kf1 Bd6 17.Qd3 Be7 18.Qb3 a5 19.a4 
b6 20.Rad1 Bb7 21.Kg1 Qc6 22.Bh3 Rd8 23.Bf4 Rxd1 
24.Rxd1 Ba6 {very interesting game!}  25.Bg5 
{Sure! I mi}  Bc4 26.Qg3 {What I meant to say: I 
missed 14. - Kf8. Strong move!}  Kf7 {Yes, if I am 
not playing Kf8 it would be over for black ...}  
27.Qf4 Rd8 28.Rxd8 Bxd8 29.b3 Be6 30.Bxe6+ Qxe6 
31.f3 h6 32.Bxf6 Bxf6 0-1

[Event "ACL-A097"]
[Site "www.playchess.de"]
[Date "2001.03.04"]
[Round "18"]
[White "wael"]
[Black "patzer"]
[WhiteElo "1500"]
[BlackElo "1599"]
[PlyCount "61"]
[Result "1-0"]

1.e4 {hi}  c5 {Hi! Sorry, my English is to poor to 
talk with you...}  2.Nf3 d6 3.d4 {what u do in 
life}  cxd4 {I am at present out of work}  4.Nxd4 
{me too  same same}  Nf6 5.Nc3 a6 6.Bg5 e6 7.f4 
Be7 8.Qf3 Qc7 9.O-O-O Nbd7 10.Bd3 b5 11.g4 Bb7 
12.a3 Rc8 13.Bxf6 Nxf6 14.g5 Nd7 15.Rhe1 Qb6 
16.Bf1 O-O 17.Qg3 Rxc3 18.Qxc3 Rc8 19.Qh3 Nc5 
20.Bg2 b4 21.axb4 Qxb4 22.Re3 a5 23.Qg3 a4 24.Qe1 
Qb6 25.Kb1 Kh8 26.h4 Ra8 27.Qe2 a3 28.Qb5 Qd8 
29.Rxa3 Rxa3 30.bxa3 Bxe4 31.Bxe4 1-0

[Event "HCL-B164"]
[Site "www.playchess.de"]
[Date "2001.03.04"]
[Round "23"]
[White "iq160"]
[Black "serpens"]
[WhiteElo "1301"]
[BlackElo "1500"]
[PlyCount "23"]
[Result "1-0"]

1.e3 {hallo GM!}  e5 {I am not a grandmaster. It 
was a computer error.}  2.c4 Nf6 3.Nc3 d5 4.cxd5 
Nxd5 5.Nf3 {I'm gonna have a break for a couple of 
days, so long.}  Nc6 {have a good time..}  6.Bb5 
Nxc3 7.bxc3 Bd6 8.Bxc6+ bxc6 9.Qc2 Ba6 10.d4 Qe7 
11.Qe4 Bb5 12.a4 1-0

[Event "HCL-B184"]
[Site "www.playchess.de"]
[Date "2001.03.04"]
[Round "15"]
[White "iq160"]
[Black "dg"]
[WhiteElo "1349"]
[BlackElo "1076"]
[PlyCount "65"]
[Result "1-0"]

1.e3 e5 2.c4 Nf6 3.Nc3 Nc6 4.Nf3 g6 5.d4 exd4 
6.exd4 Qe7+ 7.Be2 Bg7 8.Bg5 d6 9.O-O h6 10.Re1 O-O 
11.Nd5 {I'm gonna have a break for a couple of 
days, so long.}  Qd8 12.Nxf6+ Bxf6 13.Bxh6 Bg7 
14.Qd2 Qf6 15.Rad1 Bg4 16.Bxg7 Qxg7 17.Qf4 Bxf3 
18.Bxf3 Na5 19.Re7 Nc6 20.Bxc6 bxc6 21.Rxc7 {what 
about resigning?}  d5 22.cxd5 cxd5 23.Qg5 a6 
24.Qxd5 Rfd8 25.Qc5 Rab8 26.b3 Qf6 27.Rc6 Qf4 
28.Rxa6 Rde8 29.Qd5 Red8 30.Rxg6+ Kf8 31.Qc5+ Ke8 
32.Re1+ Kd7 33.Re7+ 1-0

[Event "HCL-B195"]
[Site "www.playchess.de"]
[Date "2001.03.04"]
[Round "5"]
[White "Ludger"]
[Black "Translightor"]
[WhiteElo "1329"]
[BlackElo "1428"]
[PlyCount "93"]
[Result "1-0"]

1.d4 d5 {Hallo und viel Spaß!}  2.e4 dxe4 {Also, 
interessant wird es dann wohl auf jeden Fall.}  
3.Nc3 Nf6 4.f3 exf3 5.Qxf3 Nc6 6.Bb5 {Hoffentlich! 
Ich verliere jedenfalls lieber 'ne interessante 
Partie, als 'ne langweilige zu gewinnen}  Bd7 {Am 
liebsten gewinne ich eine interessante Partie... 
(Aber Du wohl auch!)}  7.Nge2 e6 8.a3 Be7 9.O-O 
O-O 10.Bd3 Nd5 11.Qh3 g6 12.Bh6 Re8 13.Qf3 f5 
14.Nxd5 exd5 15.Qxd5+ Kh8 16.g4 Bf8 17.Bf4 Be6 
18.Qxd8 Raxd8 19.Bxc7 Rd7 20.Bg3 fxg4 21.c3 Rf7 
22.Rxf7 Bxf7 23.Rf1 Kg7 24.Bf4 Bd5 25.Ng3 h5 
26.Kf2 Bf3 27.Re1 Rxe1 28.Kxe1 Be7 29.Be2 Bxe2 
30.Kxe2 Na5 31.a4 Nc4 32.b3 Nd6 33.c4 h4 34.c5 Nf5 
35.Nxf5+ gxf5 36.b4 Kf7 37.d5 Ke8 38.Kd3 Kd7 
39.Kc4 a6 40.b5 axb5+ 41.axb5 h3 42.c6+ bxc6 
43.bxc6+ Kc8 44.d6 Bh4 45.d7+ Kd8 46.Kd5 Ke7 
47.Bd6+ 1-0

[Event "HCL-B195"]
[Site "www.playchess.de"]
[Date "2001.03.04"]
[Round "14"]
[White "jefersonmello"]
[Black "Ludger"]
[WhiteElo "1500"]
[BlackElo "1329"]
[PlyCount "44"]
[Result "0-1"]

1.e4 e5 2.Nf3 d6 3.d4 Bg4 4.dxe5 Nd7 5.exd6 Bxd6 
6.Nc3 Ngf6 7.Be2 Qe7 8.Bg5 O-O-O 9.Nd5 Qxe4 
10.Nxf6 Nxf6 11.Bxf6 Bb4+ 12.c3 Rxd1+ 13.Rxd1 gxf6 
14.cxb4 Re8 15.Rd2 Bxf3 16.gxf3 Qxf3 17.Rg1 Qe4 
18.a3 Qb1+ 19.Rd1 Qxb2 20.Rd2 Qxa3 21.Rg7 Qxb4 
22.Rxf7 Rxe2+ 0-1

[Event "ACL-A105"]
[Site "www.playchess.de"]
[Date "2001.03.04"]
[Round "4"]
[White "jefersonmello"]
[Black "dakini"]
[WhiteElo "1500"]
[BlackElo "1608"]
[PlyCount "62"]
[Result "0-1"]

1.e4 d6 {Hi! ;-)  Revenge?}  2.d4 {In this time i 
think that you will win ...GG ! ;-)}  Nf6 {We´ll 
see. Last time I didn´t take much time for my 
movements. This time  more ;-)))}  3.Nc3 {Ich 
wunsch fur sie ein gut spiel ! = Desejo-lhe um bom 
jogo !}  e5 {Dankeschön! Woher können sie 
deutsch?}  4.dxe5 {ich nicht sprache deutsch, but 
i have been in Hamburg, Bremen und Wismar...cause 
i'm a seaman.}  dxe5 {Online on sea ... via 
satellite or girlfriend at harbourside?}  5.Qxd8+ 
{Online in my house, Rio de Janeiro, with three 
girls with me in this exact time like a sultan}  
Kxd8 {So you know the difference between polygamy 
and monotony  ;-))}  6.Bg5 Be6 {good evening! How 
are you?}  7.Bxf6+ {Fine u?}  gxf6 {thanx very 
tired  go to sleep now good night}  8.O-O-O+ Nd7 
{weekend. great. time to learn something about 
chess;-))}  9.Nd5 {The carnival is a very big 
party in Rio de Janeiro and I will try to enjoy 
the chess  and  carnival}  Kc8 {So enjoy your 
carnival* take care...* and first carnival second 
move!* *g*}  10.Ne2 c6 11.Ndc3 f5 12.Kb1 fxe4 
13.Nxe4 Rg8 14.h4 h6 15.N2g3 Kc7 16.Rd2 f5 17.Nc3 
Bb4 18.Nge2 Rad8 19.g3 Nf6 20.Rxd8 Rxd8 21.Bh3 Rd2 
22.Rd1 Bxc3 23.Nxc3 Rxf2 24.Rf1 Rh2 25.Bxf5 Bxf5 
26.a3 Bxc2+ 27.Ka2 Nd7 28.Re1 h5 29.Ne2 Rg2 30.Ka1 
Nc5 31.b4 Nd3 0-1

[Event "HCL-B200"]
[Site "www.playchess.de"]
[Date "2001.03.04"]
[Round "8"]
[White "Translightor"]
[Black "yar75028"]
[WhiteElo "1435"]
[BlackElo "1968"]
[PlyCount "43"]
[Result "1/2-1/2"]

1.e4 {Hello & Good Luck!}  c5 {thanks and good 
luck to you.}  2.Nf3 e6 3.d4 cxd4 4.Nxd4 Nc6 5.Nc3 
Nf6 6.Bg5 Qb6 7.Nb3 Be7 8.Bd3 d5 9.exd5 exd5 
10.O-O Be6 11.Re1 Ng4 12.Qe2 Bxg5 13.Qxg4 h6 {i 
gotta take a break form these games. I never saw 
that move. i thought i was a bishop up.!}  14.Bf5 
{I had to play this line. Otherwise 11.-Ng4 (which 
I hadn't seen!) would have won a pawn.}  O-O 
{crap. i thought i was on a run to win. one unseen 
move & POW!}  15.Bxe6 {It's a common feeling for 
everyone. You think that you're playing the game 
of your life - and then..}  fxe6 {crap!}  16.Qxe6+ 
Kh8 {ever have a game that starts bad and gets 
worse?}  17.Nxd5 {Can't count them!}  Qxf2+ 
{thought about this one all night.}  18.Kh1 {This 
one didn't require that much thinking.}  Qxc2 {i 
thought about trading my rooks for your queen but 
decided not to. later.}  19.Re2 Qd3 20.Qe4 Qxe4 
21.Rxe4 Rad8 {have u thought about a draw?}  
22.Nc3 {No objections.}  1/2-1/2

[Event "HCL-B197"]
[Site "www.playchess.de"]
[Date "2001.03.04"]
[Round "6"]
[White "Whatever"]
[Black "Capablancanot"]
[WhiteElo "1262"]
[BlackElo "1712"]
[PlyCount "61"]
[Result "1-0"]

1.e4 e6 {Welcome...Have a great time.}  2.d4 {You 
too. I actually planned to send a message with the 
first move. Wish you a great game.}  c5 {No 
problem...I look forward to some less time 
consuming matches.}  3.Nf3 {What do you mean - 
less time consuming. We played three moves in an 
hour - that's almost blitz.}  cxd4 {That's what I 
mean. No waiting for 5 days for a move.}  4.Nxd4 
{I see. You can have that here.}  Nf6 {I know, but 
the build up of time is considerably less than 
10-2. It's a good format.}  5.Nc3 Bb4 {Yep. This 
really is one of the best chess sites for playing. 
The analysis part is great!}  6.e5 {You are right. 
I'm looking forward to that analysis here.}  Qc7 
7.exf6 Bxc3+ 8.bxc3 {Wild variation. Did you have 
raw meat for breakfast?}  Qxc3+ {It's all a bluff. 
Play calmly and you'll kill me in a few moves.}  
9.Qd2 {So why would you play it then?}  Qxa1 
{Because I play only closed openings. I lost early 
to Zeus. So, I'm expanding my horizons a bit.}  
10.c3 Qb1 {Winning isn't the priority. Learning 
is. So, I'm learning tactical in this game.}  
11.Bd3 {I like that attitude. I guess I have a 
longer way to reach that goal than you.}  Qb6 {How 
so? I'm a beginner. Been playing 3 years now. I 
need to learn a lot.}  12.fxg7 {How so? I think 
winning is (also) very important.}  Rg8 {I try to 
win...But the more I learn, the more I win.}  
13.Qh6 Qc5 14.O-O Qe5 15.Bxh7 Rxg7 16.Bf4 Rxh7 
17.Qxh7 Qxf4 18.Qg8+ {Good evening Capa.}  Ke7 
{Sorry about the delay...work took me out of the 
office. Good evening to you! Have fun!}  19.Qxc8 
{No problem. I actually like the pace we are 
playing. Fits my slow thinking rather nicely.}  
Qe4 {You got me beat. I take forever on this 
stuff. Learning is a slow and painful process for 
a beginner}  20.Nb5 {I hear you.}  Qc6 {This 
opening really leaves Black scrambling...I'm never 
using it again! No Fun!}  21.Nc7 {I think you are 
right. There are a lot of problems.}  d5 22.h4 b5 
23.h5 Nd7 24.Qxa8 {I guess I have to. Only moves 
are my favorites.}  Qxc7 {I didn't leave you much 
choice on it.}  25.h6 {Sotty for the delay I was 
very busy.}  Nf8 {I'm in no hurry to be killed.}  
26.g3 {I wish}  a5 {You have all of the passed 
pawns. You're Queen's a bit caught but in no 
danger. You have time.}  27.Qa6 {I didn't say I 
would give up - but I have to do something.}  Kf6 
{Patience. You are doing something...You are 
winning. I'm just making you prove it.}  28.Qxb5 
Qxc3 {You better not give up when you're winning. 
You are a good player! A couple more pieces and I 
resign}  29.Kg2 Qd2 30.Rh1 Qxa2 
31.h7 1-0